000 00492nam a2200181Ia 4500
005 20250508152158.0
008 008 250505s9999 xx 000 0 eng d
037 _aTextual
040 _aFEDL
_beng
_cFEDL
041 _aeng
_2eng
084 _a941, GRI
_qFEDL
100 _aGribble Leonard
_9689189
245 0 _aTrue book about Scotland Yard
260 _aLondon, UK
_bFrederick Muller Ltd
_c1957
300 _a144p
942 _cTEXL
_h941, GRI
999 _c1334783
_d1334783